[Event "SR 2. liga A 2011/2012"]
[Site "?"]
[Date "2011.12.04"]
[Round "32.6"]
[White "Manak, Adrian"]
[Black "Pericka, Tomas"]
[Result "0-1"]
[WhiteElo "1931"]
[BlackElo "2008"]
[PlyCount "90"]
[EventDate "2011.??.??"]
[WhiteTeam "Slovakia"]
[BlackTeam "Slovakia"]
[WhiteTeamCountry "SVK"]
[BlackTeamCountry "SVK"]

1. e4 c5 2. Nf3 Nc6 3. d4 cxd4 4. Nxd4 g6 5. Be3 Bg7 6. c4 Nf6 7. Nc3 Ng4 8.
Qxg4 Nxd4 9. Qd1 e5 10. Bd3 d6 11. Qd2 Be6 12. O-O O-O 13. Nd5 Rc8 14. Rfc1 Qd7
15. f3 b6 16. b4 f5 17. Rab1 fxe4 18. fxe4 Rf7 19. Rf1 Rcf8 20. Rxf7 Rxf7 21.
Rf1 Rxf1+ 22. Kxf1 Bg4 23. b5 Qd8 24. Qf2 Be6 25. Ke1 Bxd5 26. exd5 Bf6 27. Kd2
Bg5 28. Kc3 Bxe3 29. Qxe3 Qc8 30. Kd2 Qc5 31. Qg5 Qc8 32. Bxg6 hxg6 33. Qxg6+
Kf8 34. Qxd6+ Kf7 35. Qxe5 Qxc4 36. Qh5+ Kf6 37. Qh8+ Kf5 38. Qh7+ Ke5 39. Qg7+
Kxd5 40. Qf7+ Kc5 41. Qe7+ Kxb5 42. Qxa7 Qe2+ 43. Kc3 Qe3+ 44. Kb2 Qd2+ 45. Kb1
Qc2+ 0-1

[Event "SR 2. liga A 2011/2012"]
[Site "?"]
[Date "2011.12.04"]
[Round "32.7"]
[White "Diviak, Rastislav"]
[Black "Mihalik, Anton"]
[Result "1/2-1/2"]
[WhiteElo "2020"]
[BlackElo "1965"]
[PlyCount "58"]
[EventDate "2011.??.??"]
[WhiteTeam "Slovakia"]
[BlackTeam "Slovakia"]
[WhiteTeamCountry "SVK"]
[BlackTeamCountry "SVK"]

1. e4 c5 2. Nf3 d6 3. d4 cxd4 4. Nxd4 Nf6 5. Nc3 a6 6. Be2 e6 7. O-O Be7 8. f4
Qc7 9. Kh1 O-O 10. Qe1 Nbd7 11. Bf3 Rb8 12. a4 b6 13. Qg3 Bb7 14. f5 e5 15. Bh6
Ne8 16. f6 Bxf6 17. Nf5 Kh8 18. Be3 g6 19. Nh6 Bg7 20. Rad1 Ndf6 21. Rf2 Ng8
22. Nxg8 Kxg8 23. Rfd2 Bc6 24. Qh4 b5 25. axb5 axb5 26. Qf2 b4 27. Nd5 Bxd5 28.
Rxd5 Bf6 29. Bh6 Bg7 1/2-1/2

[Event "SR 2. liga A 2011/2012"]
[Site "?"]
[Date "2011.12.04"]
[Round "33.1"]
[White "Schwarz, Dusan"]
[Black "Kleman, Miroslav"]
[Result "1-0"]
[WhiteElo "2286"]
[BlackElo "2230"]
[PlyCount "57"]
[EventDate "2011.??.??"]
[WhiteTeam "Slovakia"]
[BlackTeam "Slovakia"]
[WhiteTeamCountry "SVK"]
[BlackTeamCountry "SVK"]

1. d4 g6 2. c4 Bg7 3. Nc3 d6 4. e4 Nd7 5. Be3 e6 6. Qd2 h6 7. O-O-O Ne7 8. h4
b6 9. h5 g5 10. g3 Bb7 11. f4 Nf5 12. Bf2 gxf4 13. gxf4 Ne7 14. Nf3 Nf6 15. d5
exd5 16. cxd5 c6 17. Bh4 cxd5 18. exd5 Nf5 19. Rg1 Nxh4 20. Nxh4 Kf8 21. Nf5
Ne8 22. Nxg7 Nxg7 23. Qd4 Rg8 24. Bd3 Nxh5 25. Rxg8+ Kxg8 26. Rg1+ Kf8 27. Qh8+
Ke7 28. Re1+ Kd7 29. Bf5+ 1-0

[Event "SR 2. liga A 2011/2012"]
[Site "?"]
[Date "2011.12.04"]
[Round "33.2"]
[White "Tepper, Frantisek"]
[Black "Janos, Martin"]
[Result "1/2-1/2"]
[WhiteElo "2163"]
[BlackElo "2252"]
[PlyCount "66"]
[EventDate "2011.??.??"]
[WhiteTeam "Slovakia"]
[BlackTeam "Slovakia"]
[WhiteTeamCountry "SVK"]
[BlackTeamCountry "SVK"]

1. e4 c5 2. Nf3 Nc6 3. Bb5 d6 4. O-O e5 5. c3 Qb6 6. Na3 a6 7. Bc4 Be7 8. h3
Nf6 9. Re1 O-O 10. Bd5 Nd8 11. d4 exd4 12. cxd4 cxd4 13. Nxd4 Nxd5 14. exd5 Bf6
15. Be3 Qxb2 16. Nc4 Qb4 17. Qd3 b5 18. Nb6 Rb8 19. Rab1 Qa5 20. Nxc8 Rxc8 21.
Nf5 Rc3 22. Qe2 Nb7 23. Qg4 Rc4 24. Bf4 g6 25. Qg3 Qc3 26. Re3 Qc2 27. Nh6+ Kg7
28. Rbe1 Be5 29. Bxe5+ dxe5 30. R3e2 Qc3 31. Re3 Qc2 32. R3e2 Qc3 33. Re3 Qc2
1/2-1/2

[Event "SR 2. liga A 2011/2012"]
[Site "?"]
[Date "2011.12.04"]
[Round "33.3"]
[White "Novak, Ivan"]
[Black "Certek, Pavel"]
[Result "0-1"]
[WhiteElo "2187"]
[BlackElo "2322"]
[PlyCount "136"]
[EventDate "2011.??.??"]
[WhiteTeam "Slovakia"]
[BlackTeam "Slovakia"]
[WhiteTeamCountry "SVK"]
[BlackTeamCountry "SVK"]

1. Nf3 Nf6 2. d4 g6 3. Nc3 c5 4. Bg5 Bg7 5. e3 Qa5 6. Qd2 d6 7. Be2 Nbd7 8. O-O
h6 9. Bh4 a6 10. a4 cxd4 11. exd4 g5 12. Bg3 Nh5 13. Rfd1 Nxg3 14. hxg3 Nf6 15.
Bc4 O-O 16. Nd5 Qd8 17. Nxf6+ Bxf6 18. a5 Bf5 19. c3 Re8 20. b4 Qc7 21. Bd3
Bxd3 22. Qxd3 Rac8 23. Ra3 e5 24. Qf5 Bg7 25. dxe5 Bxe5 26. Nxe5 Rxe5 27. Qg4
Rce8 28. Qd4 Re1+ 29. Rxe1 Rxe1+ 30. Kh2 Qc6 31. c4 Re4 32. Qf6 Re6 33. Qd4 Qe4
34. Rd3 Qxd4 35. Rxd4 Kf8 36. f4 Ke7 37. b5 Re3 38. fxg5 hxg5 39. Rd5 Re5 40.
bxa6 bxa6 41. Rd2 Rxa5 42. Rb2 Rc5 43. Rb6 a5 44. Ra6 Ke6 45. Kg1 Ke5 46. Kf2
Kd4 47. Rxd6+ Kxc4 48. Ke3 Re5+ 49. Kf3 a4 50. Ra6 Kb4 51. Kg4 a3 52. Ra7 Ra5
53. Rb7+ Kc3 54. Rc7+ Kd2 55. Rd7+ Ke2 56. Re7+ Kf2 57. Rxf7+ Kxg2 58. Rc7 Ra4+
59. Kxg5 a2 60. Rc1 Kxg3 61. Ra1 Ra5+ 62. Kf6 Kf4 63. Ke6 Ke4 64. Kd6 Kd4 65.
Kc6 Kc4 66. Kb6 Ra3 67. Kc6 Kb3 68. Kb5 Ra8 0-1

[Event "SR 2. liga A 2011/2012"]
[Site "?"]
[Date "2011.12.04"]
[Round "33.4"]
[White "Fabry, Robert"]
[Black "Janos, Jozef"]
[Result "1/2-1/2"]
[WhiteElo "2177"]
[BlackElo "2145"]
[PlyCount "96"]
[EventDate "2011.??.??"]
[WhiteTeam "Slovakia"]
[BlackTeam "Slovakia"]
[WhiteTeamCountry "SVK"]
[BlackTeamCountry "SVK"]

1. b3 e5 2. Bb2 Nc6 3. Nf3 d6 4. e3 Nf6 5. Be2 Be7 6. O-O O-O 7. d3 Re8 8. a3
a5 9. c4 e4 10. Nfd2 Bf5 11. d4 h6 12. Nc3 Bf8 13. Rc1 Ne7 14. f3 exf3 15. Bxf3
Bd3 16. Be2 Bxe2 17. Qxe2 Ng6 18. Qf3 c6 19. Rce1 Qd7 20. Nde4 Nxe4 21. Nxe4 b5
22. cxb5 cxb5 23. Ng3 d5 24. e4 dxe4 25. Rxe4 Rxe4 26. Qxe4 Re8 27. Qf3 Rc8 28.
Qd1 a4 29. bxa4 bxa4 30. Nf5 Rb8 31. Ba1 Rb3 32. d5 $138 Qb5 33. d6 Rd3 34. Qg4
Qc5+ 35. Bd4 Qd5 36. h4 Rxd4 37. Qxd4 Qxd4+ 38. Nxd4 Bxd6 39. Nb5 Bc5+ 40. Kh1
Nxh4 41. Rf4 g5 42. Rxa4 Nf5 43. Ra8+ Kg7 44. a4 h5 45. Kh2 g4 46. a5 h4 47.
Rc8 Be3 48. a6 Ng3 1/2-1/2

[Event "SR 2. liga A 2011/2012"]
[Site "?"]
[Date "2011.12.04"]
[Round "33.5"]
[White "Hajek, Lukas"]
[Black "Mikulas, Dusan"]
[Result "1/2-1/2"]
[WhiteElo "2038"]
[BlackElo "2142"]
[PlyCount "70"]
[EventDate "2011.??.??"]
[WhiteTeam "Slovakia"]
[BlackTeam "Slovakia"]
[WhiteTeamCountry "SVK"]
[BlackTeamCountry "SVK"]

1. d4 d5 2. c4 e6 3. Nc3 Nf6 4. cxd5 exd5 5. Bg5 Be7 6. e3 c6 7. Bd3 O-O 8.
Nge2 Ne4 9. Bf4 f5 10. Qc2 Be6 11. a3 Nd7 12. Qb3 Nxc3 13. Qxc3 Nf6 14. O-O Qd7
15. Qc2 Rf7 16. Rab1 Ne4 17. Be5 Raf8 18. b4 Bd6 19. Rfc1 Nf6 20. Bxd6 Qxd6 21.
f3 Re8 22. Ng3 g6 23. Qd2 Bd7 24. a4 Rfe7 25. Nf1 f4 26. exf4 Nh5 27. g3 Qf6
28. Qf2 Ng7 29. Rd1 Bf5 30. Rb2 Bxd3 31. Rxd3 Nf5 32. Rbd2 Qd6 33. Rb2 Qf6 34.
Rbd2 Qd6 35. Rb2 Qf6 1/2-1/2

[Event "SR 2. liga A 2011/2012"]
[Site "?"]
[Date "2011.12.04"]
[Round "33.6"]
[White "Hecht, Tomas"]
[Black "Chovanec, Vladimir"]
[Result "0-1"]
[WhiteElo "1982"]
[BlackElo "2114"]
[PlyCount "62"]
[EventDate "2011.??.??"]
[WhiteTeam "Slovakia"]
[BlackTeam "Slovakia"]
[WhiteTeamCountry "SVK"]
[BlackTeamCountry "SVK"]

1. e4 e6 2. d4 d5 3. Nc3 Bb4 4. e5 c5 5. a3 Bxc3+ 6. bxc3 Qa5 7. Bd2 Qa4 8. Nf3
Nc6 9. Be3 c4 10. Be2 Bd7 11. O-O O-O-O 12. Qb1 h6 13. Qa2 Nge7 14. Nd2 b5 15.
Rfb1 a6 16. Rb2 Kc7 17. Qb1 Rb8 18. Rb4 Qa5 19. Rb2 Nf5 20. a4 bxa4 21. Ra3
Rxb2 22. Qxb2 Rb8 23. Qa1 Ncxd4 24. cxd4 Nxe3 25. Rc3 Nf5 26. g4 Nxd4 27. Bxc4
dxc4 28. Rxc4+ Nc6 29. Qd4 Qd5 30. Qa7+ Rb7 31. Qe3 Rb1+ 0-1

[Event "SR 2. liga A 2011/2012"]
[Site "?"]
[Date "2011.12.04"]
[Round "34.1"]
[White "Frindt, Kornel"]
[Black "Rohacek, Miroslav"]
[Result "0-1"]
[WhiteElo "2223"]
[BlackElo "2297"]
[PlyCount "112"]
[EventDate "2011.??.??"]
[WhiteTeam "Slovakia"]
[BlackTeam "Slovakia"]
[WhiteTeamCountry "SVK"]
[BlackTeamCountry "SVK"]

1. e4 c5 2. Nf3 d6 3. d4 cxd4 4. Nxd4 Nf6 5. Nc3 a6 6. Bg5 e6 7. Qd2 Be7 8. f3
Qc7 9. O-O-O Nbd7 10. g4 O-O 11. h4 b5 12. Kb1 Bb7 13. h5 b4 14. Nce2 d5 15.
Bf4 e5 16. Nf5 Rfe8 17. Bg3 Bf8 18. Qg5 Kh8 19. Qh4 Rac8 20. Rc1 dxe4 21. g5
Ng8 22. fxe4 Qc4 23. Ned4 Qc5 24. Nf3 Ne7 25. Bh3 Rc7 26. g6 fxg6 27. hxg6 Nxg6
28. Qg5 Be7 29. Nxe7 Qxe7 30. Qe3 Nf6 31. Bf5 Nf4 32. Nh4 Kg8 33. Bxf4 exf4 34.
Qxf4 Qe5 35. Qxe5 Rxe5 36. Nf3 Rxf5 37. exf5 Bxf3 38. Rhe1 Be4 39. b3 Bxf5 40.
Re5 g6 41. Kb2 h5 42. c4 bxc3+ 43. Rxc3 Rxc3 44. Kxc3 h4 45. Kd4 h3 46. Re2 Ng4
47. b4 h2 48. Re1 Bd7 49. Kc5 Nf2 50. Kb6 Bb5 51. Ka5 h1=Q 52. Rxh1 Nxh1 53. a4
Bd3 54. b5 axb5 55. axb5 g5 56. b6 Be4 0-1

[Event "SR 2. liga A 2011/2012"]
[Site "?"]
[Date "2011.12.04"]
[Round "34.2"]
[White "Kovac, Andrej"]
[Black "Petrik, Stanislav"]
[Result "0-1"]
[WhiteElo "2154"]
[BlackElo "2165"]
[PlyCount "130"]
[EventDate "2011.??.??"]
[WhiteTeam "Slovakia"]
[BlackTeam "Slovakia"]
[WhiteTeamCountry "SVK"]
[BlackTeamCountry "SVK"]

1. d4 Nf6 2. c4 e6 3. Nf3 b6 4. g3 Ba6 5. Nbd2 d5 6. cxd5 Nxd5 7. Bg2 Be7 8.
O-O O-O 9. Re1 c5 10. dxc5 Bxc5 11. a3 Nc6 12. e4 Nf6 13. e5 Nd5 14. Ne4 Be7
15. Qc2 Rc8 16. Neg5 g6 17. Qa4 Bd3 18. Qh4 h5 19. g4 Nd4 20. Nxd4 Rxc1 21.
Raxc1 Bxg5 22. Qg3 Bxc1 23. Rxc1 Qg5 24. Rd1 Nf4 25. gxh5 Qxe5 26. Rxd3 Nxd3
27. Qxd3 Rd8 28. Nc6 Rxd3 29. Nxe5 Rd1+ 30. Bf1 gxh5 31. Kg2 Rd2 32. b3 Kg7 33.
Nc6 Rd7 34. Be2 Rc7 35. Bf3 Kg6 36. Kg3 Kg5 37. h4+ Kf5 38. b4 f6 39. b5 Rg7+
40. Kh3 Rh7 41. Bd1 Kf4 42. Kg2 e5 43. Kf1 f5 44. Nd8 e4 45. Ne6+ Ke5 46. Ng5
Rc7 47. Bxh5 Rc1+ 48. Kg2 Rc2 49. Kg1 Ra2 50. Nf7+ Kf6 51. Nd8 Rxa3 52. Nc6 a5
53. bxa6 Rxa6 54. Nb4 Ra1+ 55. Kg2 Rb1 56. Nd5+ Ke6 57. Nc3 Rb3 58. Ne2 Ke5 59.
f4+ Kf6 60. Nd4 Rb2+ 61. Be2 Rd2 62. h5 Rxd4 63. Kf2 Rd5 64. Bc4 Rc5 65. Bb3 b5
0-1

[Event "SR 2. liga A 2011/2012"]
[Site "?"]
[Date "2011.12.04"]
[Round "34.3"]
[White "Petrik, Karol"]
[Black "Kimerling, Martin"]
[Result "0-1"]
[WhiteElo "2082"]
[BlackElo "2015"]
[PlyCount "124"]
[EventDate "2011.??.??"]
[WhiteTeam "Slovakia"]
[BlackTeam "Slovakia"]
[WhiteTeamCountry "SVK"]
[BlackTeamCountry "SVK"]

1. e4 d6 2. d4 Nf6 3. Nc3 g6 4. Nge2 Bg7 5. g3 O-O 6. Bg2 e5 7. O-O c6 8. h3 b5
9. Be3 Bb7 10. dxe5 dxe5 11. a4 a6 12. axb5 axb5 13. Rxa8 Bxa8 14. Qa1 Nbd7 15.
Qa7 Qb8 16. g4 h6 17. Rd1 Bb7 18. Qxb8 Rxb8 19. Nc1 Ra8 20. Nd3 Bf8 21. b4 Ra3
22. Ne2 Ra2 23. Rc1 Ne8 24. f4 f6 25. fxe5 fxe5 26. Bf2 Nd6 27. Nc5 Nxc5 28.
bxc5 Nc4 29. Nc3 Ra3 30. Nd1 Be7 31. c3 Bg5 32. Rc2 Ra1 33. Bf3 Nd2 34. Be2
Nxe4 35. Kg2 Be7 36. Be3 g5 37. c4 b4 38. Rb2 Ra4 39. Bf3 Nxc5 40. Rd2 e4 41.
Be2 Ba6 42. Nf2 b3 43. Bxc5 Bxc5 44. Rd8+ Kf7 45. Nxe4 b2 46. Rd7+ Be7 47. Bd3
Rb4 48. Ra7 Bxc4 49. Nd6+ Kf6 50. Nxc4 Rxc4 51. Rb7 Rc3 52. Bf5 Ba3 53. Rh7 Ke5
54. Rxh6 Rc1 55. Re6+ Kd5 56. Re3 Bc5 57. Rb3 Bd4 58. Rb8 c5 59. Rd8+ Kc4 60.
Kf3 b1=Q 61. Bxb1 Rxb1 62. Ke4 Rf1 0-1

[Event "SR 2. liga A 2011/2012"]
[Site "?"]
[Date "2011.12.04"]
[Round "34.4"]
[White "Mikova, Veronika"]
[Black "Krajnak, Robert"]
[Result "1/2-1/2"]
[WhiteElo "2060"]
[BlackElo "2094"]
[PlyCount "67"]
[EventDate "2011.??.??"]
[WhiteTeam "Slovakia"]
[BlackTeam "Slovakia"]
[WhiteTeamCountry "SVK"]
[BlackTeamCountry "SVK"]

1. e4 c5 2. Nf3 e6 3. d3 Nc6 4. g3 d6 5. Bg2 Nf6 6. O-O Be7 7. Nbd2 O-O 8. Ne1
Qc7 9. f4 Rb8 10. c3 b5 11. Nc2 b4 12. c4 Nd7 13. Ne3 Bf6 14. Nf3 Bd4 15. Kh1
a5 16. Rb1 Nb6 17. Nc2 Bf6 18. b3 a4 19. Bb2 axb3 20. axb3 Bxb2 21. Rxb2 Ra8
22. d4 Ne7 23. Nh4 d5 24. cxd5 exd5 25. dxc5 Qxc5 26. Qd2 dxe4 27. Bxe4 Ned5
28. Rd1 Ra5 29. Rc1 Qe7 30. Re1 Qc5 31. Rc1 Qe7 32. Re1 Qc5 33. Rc1 Qe7 34. Re1
1/2-1/2

[Event "SR 2. liga A 2011/2012"]
[Site "?"]
[Date "2011.12.04"]
[Round "34.5"]
[White "Magyar, Frantisek"]
[Black "Sebo, Viktor"]
[Result "1/2-1/2"]
[WhiteElo "2019"]
[BlackElo "1924"]
[PlyCount "93"]
[EventDate "2011.??.??"]
[WhiteTeam "Slovakia"]
[BlackTeam "Slovakia"]
[WhiteTeamCountry "SVK"]
[BlackTeamCountry "SVK"]

1. d4 Nf6 2. c4 g6 3. Nc3 d5 4. cxd5 Nxd5 5. e4 Nxc3 6. bxc3 Bg7 7. Bc4 c5 8.
Ne2 O-O 9. Be3 Nc6 10. O-O Qa5 11. Rc1 Rd8 12. Qb3 e6 13. Rfd1 a6 14. dxc5 Bd7
15. Bg5 Qxc5 16. Bxd8 Rxd8 17. Bd3 Bh6 18. Rb1 Ne5 19. Qxb7 Bc8 20. Qb6 Qxb6
21. Rxb6 Nxd3 22. Rb8 Kg7 23. Rxc8 Rxc8 24. Rxd3 Rb8 25. g3 Rb1+ 26. Kg2 Rb2
27. Nd4 Rxa2 28. c4 Ra4 29. Rc3 Kf8 30. e5 Ke8 31. f4 Bf8 32. Kf3 Bc5 33. Ke4
Kd7 34. Nf3 Be7 35. Kd3 h6 36. Rb3 Ra3 37. Kc3 a5 38. Kb2 Rxb3+ 39. Kxb3 Bb4
40. g4 Bc5 41. Ne1 Be3 42. Nd3 Kc6 43. h3 Bd2 44. Kc2 Be3 45. Kb3 Bd2 46. Kc2
Be3 47. Kb3 1/2-1/2

[Event "SR 2. liga A 2011/2012"]
[Site "?"]
[Date "2011.12.04"]
[Round "34.7"]
[White "Goga, Frantisek"]
[Black "Vrtiakova, Anna"]
[Result "1/2-1/2"]
[WhiteElo "1989"]
[BlackElo "1540"]
[PlyCount "106"]
[EventDate "2011.??.??"]
[WhiteTeam "Slovakia"]
[BlackTeam "Slovakia"]
[WhiteTeamCountry "SVK"]
[BlackTeamCountry "SVK"]

1. e4 e5 2. Nf3 Nc6 3. d4 exd4 4. Bc4 Nf6 5. e5 d5 6. Bb5 Nd7 7. O-O Be7 8.
Bxc6 bxc6 9. Nxd4 Bb7 10. e6 Nf6 11. exf7+ Kxf7 12. Re1 Bd6 13. Bg5 Re8 14.
Rxe8 Qxe8 15. Bxf6 gxf6 16. Nd2 Bxh2+ 17. Kxh2 Qe5+ 18. Kg1 Qxd4 19. Qh5+ Kg8
20. Nf3 Qe4 21. Re1 Qg6 22. Qh2 Qf7 23. Nd4 Re8 24. Rxe8+ Qxe8 25. Qg3+ Kf8 26.
Nf5 Qe1+ 27. Kh2 Qe5 28. Qxe5 fxe5 29. c3 c5 30. Kg3 d4 31. cxd4 cxd4 32. f4
exf4+ 33. Kxf4 Bxg2 34. Nxd4 Kf7 35. Nb5 Kg6 36. Nxc7 h5 37. Nb5 Bd5 38. Nxa7
Bxa2 39. Nb5 Bc4 40. Nd4 Bd5 41. Nf5 Kf6 42. Ne3 Bb3 43. Nf1 Bd5 44. Ng3 Kg6
45. b4 Bc4 46. Nf5 Kf6 47. Nd4 Bd3 48. Nf3 Bb5 49. Kg3 Ke7 50. Kf4 Kd6 51. Nd4
Bc4 52. Nf5+ Kc6 53. Kg5 Kb5 1/2-1/2

[Event "SR 2. liga A 2011/2012"]
[Site "?"]
[Date "2011.12.04"]
[Round "35.1"]
[White "Bronis, Marian"]
[Black "Matejovic, Juraj"]
[Result "0-1"]
[WhiteElo "2160"]
[BlackElo "2243"]
[PlyCount "86"]
[EventDate "2011.??.??"]
[WhiteTeam "Slovakia"]
[BlackTeam "Slovakia"]
[WhiteTeamCountry "SVK"]
[BlackTeamCountry "SVK"]

1. d4 Nf6 2. c4 e6 3. Nc3 Bb4 4. e3 O-O 5. Nge2 d5 6. a3 Be7 7. cxd5 exd5 8. g3
c6 9. Bg2 Bf5 10. O-O Bd6 11. b4 Re8 12. Bb2 Nbd7 13. Na4 Qe7 14. Nec3 a6 15.
Ra2 h5 16. Bc1 h4 17. Re1 hxg3 18. fxg3 a5 19. b5 Rad8 20. Bf3 Qe6 21. bxc6
bxc6 22. Ne2 Ne4 23. Nf4 Qh6 24. Bxe4 Rxe4 25. Nc3 Ree8 26. Rf2 Bh7 27. Qa4 Bc7
28. Qd1 Qd6 29. Na4 Nf6 30. Nc5 Ne4 31. Nxe4 Bxe4 32. Nd3 Qh6 33. Nf4 Rd6 34.
Qh5 Qxh5 35. Nxh5 Rh6 36. Nf4 g5 37. Ng2 Kg7 38. Ref1 f6 39. Ne1 Bxg3 40. Rb2
Reh8 41. a4 Bxh2+ 42. Kf2 Bd6 43. Nf3 g4 0-1

[Event "SR 2. liga A 2011/2012"]
[Site "?"]
[Date "2011.12.04"]
[Round "35.2"]
[White "Federic, Jozef"]
[Black "Biro, Karol"]
[Result "1-0"]
[WhiteElo "2270"]
[BlackElo "2158"]
[PlyCount "83"]
[EventDate "2011.??.??"]
[WhiteTeam "Slovakia"]
[BlackTeam "Slovakia"]
[WhiteTeamCountry "SVK"]
[BlackTeamCountry "SVK"]

1. d4 d6 2. Nf3 Nf6 3. Nc3 g6 4. e4 Bg7 5. h3 O-O 6. Bg5 d5 7. Bd3 dxe4 8. Nxe4
Nxe4 9. Bxe4 c5 10. c3 cxd4 11. Nxd4 Qb6 12. O-O e5 13. Nb3 a5 14. Qe2 a4 15.
Be3 Qc7 16. Nc5 Ra5 17. b4 axb3 18. Nxb3 Ra4 19. Bc5 Rd8 20. Rad1 Bf8 21. Rxd8
Qxd8 22. Bxf8 Kxf8 23. Nc5 Ra3 24. Bxb7 Qe7 25. Bxc8 Qxc5 26. Rb1 Nc6 27. Bd7
Ne7 28. Qd2 Kg7 29. Rb3 Ra6 30. Bg4 Nd5 31. Be2 Rf6 32. Bf1 Nf4 33. Rb5 Qc7 34.
Qe3 Re6 35. a4 Rc6 36. Rxe5 Ne6 37. Qg3 Qd6 38. Re3 Qa3 39. Qe5+ Kg8 40. Qb8+
Kg7 41. Qb5 Rc5 42. Qb4 1-0

[Event "SR 2. liga A 2011/2012"]
[Site "?"]
[Date "2011.12.04"]
[Round "35.3"]
[White "Dolnak, Michal"]
[Black "Skara, Vladimir"]
[Result "0-1"]
[WhiteElo "2098"]
[BlackElo "2219"]
[PlyCount "124"]
[EventDate "2011.??.??"]
[WhiteTeam "Slovakia"]
[BlackTeam "Slovakia"]
[WhiteTeamCountry "SVK"]
[BlackTeamCountry "SVK"]

1. d4 Nf6 2. c4 c5 3. Nf3 cxd4 4. Nxd4 b6 5. Nc3 Bb7 6. Bg5 e6 7. e3 Be7 8. Nf3
O-O 9. Be2 d6 10. O-O a6 11. Nd4 Qc7 12. Rc1 Nbd7 13. b3 Rac8 14. Bf3 Qb8 15.
Bxb7 Qxb7 16. Qf3 Qxf3 17. Nxf3 h6 18. Bxf6 Nxf6 19. Rfd1 d5 20. Ne2 (20. Nd2
Ba3 21. Rb1 Rc7 22. Kf1 Rfc8) 20... Ba3 21. Rb1 Rc7 22. Kf1 Rfc8 23. Rd3 a5 24.
Ned4 dxc4 25. bxc4 Bb4 26. a3 Be7 27. Ne5 Nd7 28. Nxd7 Rxd7 29. Nc6 Rdc7 30.
Nxe7+ Rxe7 31. Rxb6 Rxc4 32. Rd8+ Kh7 33. Ra8 Rd7 34. Rb2 Ra4 35. Rb5 Rc4 36.
Rb2 Rd5 37. Ke2 Rc3 38. Ra2 Kg6 39. a4 Rb3 40. Ra6 Rb4 41. g3 Rc5 42. Ra7 e5
43. h4 h5 44. Ke1 f6 45. Ke2 e4 46. Ke1 Rf5 47. Ke2 Rb1 48. Rd2 Ra1 49. Rdd7
Ra2+ 50. Ke1 Rfxf2 51. Rxg7+ Kf5 52. Rxa5+ Ke6 53. Ra6+ Kd5 54. Ra5+ Kc6 55.
Ra6+ Kc5 56. Rc7+ Kd5 57. Rd7+ Ke5 58. Rad6 Rfe2+ 59. Kd1 Rxe3 60. Rd5+ Ke6 61.
R7d6+ Kf7 62. Rd4 Rxg3 0-1

[Event "SR 2. liga A 2011/2012"]
[Site "?"]
[Date "2011.12.04"]
[Round "35.4"]
[White "Mydlarik, Martin"]
[Black "Duriga, Stefan"]
[Result "1/2-1/2"]
[WhiteElo "2136"]
[BlackElo "2242"]
[PlyCount "87"]
[EventDate "2011.??.??"]
[WhiteTeam "Slovakia"]
[BlackTeam "Slovakia"]
[WhiteTeamCountry "SVK"]
[BlackTeamCountry "SVK"]

1. e4 d6 2. d4 Nf6 3. Nc3 g6 4. f3 Bg7 5. Be3 O-O 6. Qd2 e5 7. Bc4 exd4 8. Bxd4
Nc6 9. Be3 Ne5 10. Bb3 Be6 11. Nge2 Nc4 12. Bxc4 Bxc4 13. O-O Re8 14. Rfe1 d5
15. exd5 Nxd5 16. Nxd5 Qxd5 17. Qxd5 Bxd5 18. Nc3 Bc4 19. Kf2 b6 20. a3 f5 21.
Rad1 c5 22. Rd7 Be5 23. g3 Bf6 24. h4 Re6 25. Nd1 Rae8 26. f4 a5 27. b3 Bb5 28.
Rc7 a4 29. c4 axb3 30. cxb5 b2 31. Nxb2 Bxb2 32. Bd2 Bxa3 33. Rxe6 Rxe6 34. Bc3
h5 35. Be5 Kf8 36. Ra7 Bb4 37. Rc7 Ke8 38. Rc8+ Kd7 39. Rc7+ Kd8 40. Rb7 Ba5
41. Rb8+ Kd7 42. Rb7+ Ke8 43. Rb8+ Kf7 44. Rc8 1/2-1/2

[Event "SR 2. liga A 2011/2012"]
[Site "?"]
[Date "2011.12.04"]
[Round "35.5"]
[White "Kebis, Milos"]
[Black "Sustak, Roman"]
[Result "1-0"]
[WhiteElo "2008"]
[BlackElo "1971"]
[PlyCount "104"]
[EventDate "2011.??.??"]
[WhiteTeam "Slovakia"]
[BlackTeam "Slovakia"]
[WhiteTeamCountry "SVK"]
[BlackTeamCountry "SVK"]

1. c4 Nf6 2. d4 c6 3. Nc3 d5 4. Nf3 g6 5. e3 dxc4 6. Bxc4 b5 7. Bb3 a5 8. O-O
a4 9. Bc2 Bg7 10. e4 O-O 11. Re1 Na6 12. d5 Bb7 13. Bf4 Nh5 14. Be5 f6 15. Bd4
Qd7 16. Be3 Nc7 17. dxc6 Bxc6 18. Nd4 e5 19. Nxc6 Qxc6 20. Nd5 Nxd5 21. exd5
Qd6 22. g4 Nf4 23. Bxf4 exf4 24. Re6 Qd7 25. Qf3 Rad8 26. Rd1 Qc7 27. Rc6 Qe5
28. b3 a3 29. b4 Rd6 30. Qxa3 Rfd8 31. Rxd6 Rxd6 32. Qd3 Qe8 33. Qf3 Qe5 34.
Bb3 f5 35. h3 Qe4 36. Kg2 Bc3 37. Rc1 Bxb4 38. Rc8+ Kg7 39. Rb8 Kf6 40. Rxb5
Bc3 41. Rc5 Be5 42. Rc2 h5 43. Re2 Qxf3+ 44. Kxf3 Rd8 45. g5+ Kxg5 46. Rxe5 Rc8
47. h4+ Kxh4 48. Kxf4 Rf8 49. d6 g5+ 50. Kf3 f4 51. d7 g4+ 52. Kg2 g3 1-0

[Event "SR 2. liga A 2011/2012"]
[Site "?"]
[Date "2011.12.04"]
[Round "35.6"]
[White "Horvath, Marek"]
[Black "Povysil, Peter"]
[Result "1/2-1/2"]
[WhiteElo "1844"]
[BlackElo "1990"]
[PlyCount "28"]
[EventDate "2011.??.??"]
[WhiteTeam "Slovakia"]
[BlackTeam "Slovakia"]
[WhiteTeamCountry "SVK"]
[BlackTeamCountry "SVK"]

1. e4 e6 2. g3 c5 3. Bg2 Nc6 4. Ne2 Nf6 5. d3 d5 6. O-O Be7 7. c3 dxe4 8. dxe4
Qxd1 9. Rxd1 e5 10. Na3 Bg4 11. f3 Be6 12. Nb5 Rc8 13. Nd6+ Bxd6 14. Rxd6 Ke7
1/2-1/2

[Event "SR 2. liga A 2011/2012"]
[Site "?"]
[Date "2011.12.04"]
[Round "35.7"]
[White "Dzavik, Jozef"]
[Black "Petrakovic, Kamil"]
[Result "0-1"]
[WhiteElo "2025"]
[BlackElo "1869"]
[PlyCount "72"]
[EventDate "2011.??.??"]
[WhiteTeam "Slovakia"]
[BlackTeam "Slovakia"]
[WhiteTeamCountry "SVK"]
[BlackTeamCountry "SVK"]

1. e4 c5 2. Nf3 g6 3. d4 Bg7 4. Bc4 cxd4 5. Nxd4 Nf6 6. e5 Qa5+ 7. Nc3 Qxe5+ 8.
Be3 O-O 9. O-O Nc6 10. Re1 e6 11. Nf3 Qa5 12. Bd2 Ng4 13. Bb3 Nge5 14. Ng5 Nd4
15. Re4 Nxb3 16. axb3 Qd8 17. Rea4 a6 18. h4 d5 19. Be3 f6 20. Nh3 Bd7 21. R4a2
Nf7 22. b4 f5 23. g3 Rc8 24. Bd4 Bxd4 25. Qxd4 Rc4 26. Qd2 Qb6 27. h5 Rxb4 28.
hxg6 hxg6 29. Nf4 Kg7 30. Ncxd5 exd5 31. Nxd5 Qd4 32. Qxb4 Qxd5 33. Ra3 Bc6 34.
f3 Ne5 35. Qc3 Rf6 36. Re1 Nxf3+ 0-1

[Event "SR 2. liga A 2011/2012"]
[Site "?"]
[Date "2011.12.04"]
[Round "35.8"]
[White "Soldan, Jan"]
[Black "Mikulasek, Viktor"]
[Result "1-0"]
[WhiteElo "1834"]
[BlackElo "1871"]
[PlyCount "95"]
[EventDate "2011.??.??"]
[WhiteTeam "Slovakia"]
[BlackTeam "Slovakia"]
[WhiteTeamCountry "SVK"]
[BlackTeamCountry "SVK"]

1. e4 g6 2. d4 Bg7 3. Nf3 d6 4. Be2 Nf6 5. Nc3 c5 6. dxc5 Qa5 7. O-O Qxc5 8.
Be3 Qb4 9. a3 Qa5 10. h3 O-O 11. b4 Qd8 12. Rb1 Nbd7 13. Qd2 Re8 14. Rfd1 a6
15. e5 dxe5 16. Nxe5 Qc7 17. Nxd7 Bxd7 18. Bf4 e5 19. Bg5 Bc6 20. Qd6 Qxd6 21.
Rxd6 Ne4 22. Nxe4 Bxe4 23. Rc1 Bc6 24. c4 h6 25. Be3 Be4 26. Rd7 Bc6 27. Rd6
Bf8 28. Rd2 a5 29. b5 Be4 30. Ra1 Bf5 31. c5 Rec8 32. Rc1 a4 33. g4 Be6 34. Bf3
Rab8 35. b6 Be7 36. Bd5 g5 37. Bxe6 fxe6 38. Rc4 Kf7 39. Rdc2 Ra8 40. c6 Rxc6
41. Rxc6 bxc6 42. Rxc6 Bd8 43. b7 Rb8 44. Rc8 Rxb7 45. Rxd8 Rb3 46. Bc5 Rxh3
47. Be3 Rf3 48. Ba7 1-0

[Event "SR 2. liga A 2011/2012"]
[Site "?"]
[Date "2011.12.04"]
[Round "36.1"]
[White "Petenyi, Tamas"]
[Black "Smolen, Jan"]
[Result "1/2-1/2"]
[WhiteElo "2347"]
[BlackElo "2377"]
[PlyCount "80"]
[EventDate "2011.??.??"]
[WhiteTeam "Slovakia"]
[BlackTeam "Slovakia"]
[WhiteTeamCountry "SVK"]
[BlackTeamCountry "SVK"]

1. e4 e6 2. d4 d5 3. Nd2 Nf6 4. e5 Nfd7 5. Bd3 c5 6. c3 Nc6 7. Ne2 cxd4 8. cxd4
f6 9. exf6 Qxf6 10. Nf3 h6 11. O-O Bd6 12. Ng3 O-O 13. Bc2 Rf7 14. Nh5 Qd8 15.
Bg6 Re7 16. Bf4 Nf8 17. Bc2 Rf7 18. Bxd6 Qxd6 19. Re1 Bd7 20. Ne5 Nxe5 21. Rxe5
Rc8 22. Qd2 Be8 23. Rae1 Rc4 24. Bb3 Qb4 25. Qxb4 Rxb4 26. Rd1 a5 27. g3 Rc7
28. Nf4 Bf7 29. Rd2 g5 30. Ne2 Ng6 31. Re3 Ne7 32. Rc3 Rc6 33. Bd1 Bh5 34. f3
Rxc3 35. bxc3 Rb1 36. Kf2 b5 37. Bc2 Ra1 38. Bd3 b4 39. cxb4 axb4 40. Rb2 Kf7
1/2-1/2